000 00280nam a22001217a 4500
008 180308b xxu||||| |||| 00| 0 eng d
041 _aeng
080 _23rd
_a330.322
100 _a51
101 _aBIZ
245 _aSample materials not for resale
_cGitman,L,J
942 _2udc
_cBK
999 _c44463
_d44463